रु-बा-रु / (Record no. 113263)

MARC details
000 -LEADER
fixed length control field 00952nam a22002537a 4500
005 - DATE AND TIME OF LATEST TRANSACTION
control field 20170124102950.0
010 ## - LIBRARY OF CONGRESS CONTROL NUMBER
LC control number B-200780
020 ## - INTERNATIONAL STANDARD BOOK NUMBER
Terms of availability 150.00
International Standard Book Number 8174082654
035 ## - SYSTEM CONTROL NUMBER
System control number B-200780
037 ## - SOURCE OF ACQUISITION
Source of stock number/acquisition Cen Lib/Ret
040 ## - CATALOGING SOURCE
Original cataloging agency DPL
Language of cataloging HN
082 ## - DEWEY DECIMAL CLASSIFICATION NUMBER
Classification number
Item number घोतड़
100 ## - MAIN ENTRY--PERSONAL NAME
Personal name घोतड़, रामकुमार
9 (RLIN) 51384
245 ## - TITLE STATEMENT
Title रु-बा-रु /
Statement of responsibility, etc रामकुमार घोतड़
246 ## - VARYING FORM OF TITLE
Title proper/short title Ru-ba-ru /
Remainder of title sby Ramkumar Ghotad
260 ## - PUBLICATION, DISTRIBUTION, ETC. (IMPRINT)
Place of publication, distribution, etc नयी दिल्ली
Name of publisher, distributor, etc अयन प्रकाशन
Date of publication, distribution, etc 2006
270 ## - ADDRESS
City नयी दिल्ली
Address 1/20, महरौली
Postal code 110030
300 ## - PHYSICAL DESCRIPTION
Extent 125पृ.
Dimensions 21सेमी(सजिल्द )
650 ## - SUBJECT ADDED ENTRY--TOPICAL TERM
Topical term or geographic name as entry element हिंदी साहित्य
General subdivision
Geographic subdivision
9 (RLIN) 51385
650 ## - SUBJECT ADDED ENTRY--TOPICAL TERM
Topical term or geographic name as entry element हिंदी कहानियां
9 (RLIN) 2082
650 ## - SUBJECT ADDED ENTRY--TOPICAL TERM
Topical term or geographic name as entry element Hindi literature
9 (RLIN) 51386
650 ## - SUBJECT ADDED ENTRY--TOPICAL TERM
Topical term or geographic name as entry element Hindi stories
9 (RLIN) 51387
942 ## - ADDED ENTRY ELEMENTS (KOHA)
Source of classification or shelving scheme Dewey Decimal Classification
Koha item type Hindi Books
Classification part
Call number suffix घोतड़
Holdings
Withdrawn status Lost status Damaged status Not for loan Home library Current library Date acquired Source of acquisition Cost, normal purchase price Total Checkouts Full call number Barcode Date last seen Copy number Cost, replacement price Price effective from Koha item type
        Central Library Central Library 11/08/2015 Cen Lib/Ret 150.00   क घोतड़ B-200780 11/08/2015 1 150.00 11/08/2015 Hindi Books

© Delhi Public Library
Hit Counter
free hit counter